Statistics for TV Shows by Episode

Click here to take the quiz!

General Stats

  • This quiz has been taken 30 times
  • The average score is 11 of 20

Answer Stats

Hint Answer % Correct
Give 'Em Hell, Hawkeye1981MASH
89%
The Soup Nazi1995Seinfeld
89%
The One Where Ross and Rachel Take a Break1997Friends
89%
The Ricardos Dedicate a Statue1957I Love Lucy
79%
Fonzie and Leather Tuscadero1977Happy Days
79%
Ewing vs Ewing1981Dallas
68%
Cartman Gets an Anal Probe1997South Park
68%
Treehouse of Horror1990The Simpsons
58%
To Serve Man1962The Twilight Zone
53%
Temporarily Out of CONTROL1968Get Smart
53%
What is Mary Richards Really Like1972Mary Tyler Moore Show
47%
ABQ2009Breaking Bad
42%
The City on the Edge of Forever1967Star Trek
32%
Musings of a Cigarette Smoking Man1996The X-Files
32%
Pine Barrens2001The Sopranos
26%

Score Distribution

Percentile by Number Answered

Percent of People with Each Score

Your Score History

You have not taken this quiz